Score 0/12 Timer 04:00
0 Plays Today
Quote Show name (Character) % Correct
There's always been a lot of tension between Lois and me, and it's not so much that I want to kill her, it's just, I want her not to be alive anymoreFamily Guy (Stewie)
87.1%
Newman!Seinfeld (Jerry)
86%
How you doin'?Friends (Joey)
82%
So what's your religion, Lemon? / I pretty much just do what Oprah tells me30 Rock (Tracy, Liz)
72.5%
There was $250,000 lining the inside walls of the banana standArrested Development (George Sr)
61.2%
Let's hug it out, b*tchEntourage (Ari Gold)
51.1%
Save me, JeebusThe Simpsons (Homer)
51.1%
Pretty, pretty, pretty . . . pretty, goodCurb Your Enthusiasm (Larry David)
35.4%
What's up, b*tches?Always Sunny (Dee Reynolds)
31.5%
When my a** was 19 years old, I changed the face of professional baseballEastbound & Down (Kenny Powers)
28.7%
We are Mooninites from the inner core of the moonAqua Teen Hunger Force (Err)
19.1%
I'm Rick James, b*tchChappelle Show (Dave Chappelle)
7.9%
Come Together.
Have Fun.
All Virtual.
We all need to come together. Play Sporcle's virtual live trivia to have fun, connect with people, and get your trivia on. Join a live hosted trivia game for your favorite pub trivia experience done virtually. If a virtual private party is more your thing, go here for details.

You're not logged in!

Compare scores with friends on all Sporcle quizzes.
OR
Log In

Sporcle TV

Today on Sporcle TV


Watch our educational content, quiz creation guides, and fun videos on Sporcle TV.

Show Comments

Extras

Top Quizzes Today


Score Distribution

Paid Content

Your Account Isn't Verified!

In order to create a playlist on Sporcle, you need to verify the email address you used during registration. Go to your Sporcle Settings to finish the process.

Report this User

Report this user for behavior that violates our Community Guidelines.

Details: